000 00963pam a2200289 a 4500
001 6117
003 BD-RjUL
005 20211208234204.0
008 090114s1995 gw a b 001 0 eng
020 _a3540600264 (alk. paper)
035 _a(BD-RjUL)
040 _aDLC
_cDLC
_dDLC
_beng
041 _aeng
082 0 0 _a388.015
_220
_bSEG 1995
100 1 _aSen, Ashish K.
_919253
245 1 0 _aGravity models of spatial interaction behavior /
_cAshish Sen, Tony E. Smith.
260 _aBerlin ;
_aNew York :
_bSpringer-Verlag,
_cc1995.
300 _axv, 572 p. :
_bill. ;
_c24 cm.
504 _aIncludes bibliographical references (p. [538]-554) and indexes.
650 0 _aTransportation
_xMathematical models.
_919255
650 0 _aSpace in economics
_xMathematical models.
_916598
700 1 _aSmith, Tony E.
_919256
942 _2ddc
_cBK
999 _c6117
_d6117